පියාගේ පාපයෝ/

Saved in:
Bibliographic Details
Main Author: ආචර්, ජෙෆ්රි
Other Authors: සිරිවර්ධන, කුමාර (පරිවර්තක)
Format: Book
Language:Undetermined
Sinhalese
Published: කොළඹ : බුක්රුක්, 2022
Subjects:
Tags: Add Tag
No Tags, Be the first to tag this record!

MARC

LEADER 00000nam a2200000Ia 4500
003 LK-VePL
005 20251213094935.0
008 220213s9999 xx 000 0 und d
020 |a 9786245663361 
040 |a LK-VePL  |b sin  |d LK-VePL 
041 |a sin 
082 |a 823  |b ආචර් 
100 |a ආචර්, ජෙෆ්රි 
245 0 |a පියාගේ පාපයෝ/  |c ජෙෆ්රි ආචර් 
260 |a කොළඹ :   |b බුක්රුක්,  |c 2022 
300 |a පි. 428  |c සෙ.මි. 21 
650 |a පරිවර්ථන නවකතා 
653 |a එංගලන්තය 
700 |a සිරිවර්ධන, කුමාර  |e පරිවර්තක 
942 |c LBK 
999 |c 13226  |d 13226